| 000 | 00769nam a2200205 i 4500 | ||
|---|---|---|---|
| 001 | 88336 | ||
| 003 | ES-MaACL | ||
| 005 | 20230906175836.0 | ||
| 007 | t| | ||
| 008 | 050104s1945 sp ||||1| spa d | ||
| 100 | 1 |
_aLáinez Alcalá, Rafael, _d1899-1982 _969691 |
|
| 245 | 1 | 0 |
_aAntología laudatoria de un mecenas español _b: discurso inaugural del año académico 1945-1946 / _cpor Rafael Lainez Alcalá. |
| 260 |
_aSanta Cruz de Tenerife : _b[s.n., _c1945] ( _fImp. Católica) |
||
| 300 |
_a64 p., 1 lám. ; _c22 cm. |
||
| 500 | _aPrecede al tít.: Universidad de La Laguna. | ||
| 600 | 1 | 4 |
_aSandoval y Rojas, Bernardo de _cCardenal. _9163877 |
| 710 | 2 |
_aUniversidad de La Laguna. _97194 |
|
| 852 |
_aES-MaACL _j1853-F-6 _bR.21705 |
||
| 999 |
_c88336 _d88336 |
||